000 00690nam a2200217Ii 4500
003 JO-AjNU
008 230605s9999||||xx |||||||||||||| ||und||
017 _a1984/9/393
040 _aJO-AjNU
_bara
_erda
_cJO-AjNU
041 _aara
050 1 4 _aBP131.6.Z3764 1985
100 3 _aاالزراري، عبد الودود,
_eauthor
_919967
245 0 0 _aمدخل الى علم التجويد
250 _aط1
264 3 1 _aالزرقاء: الوكالة العربية للتوزيع والنشر، 1985
300 _a236ص
336 _atext
_btxt
_2rdacontent
337 _aunmediated
_bn
_2rdamedia
338 _avolume
_bnc
_2rdacarrier
650 4 _aالقران - تجويد
_919968
999 _aA6684
_c10252
_d10252